Dupa Huj - Statystyki

Ogólne statystyki
  • Ten quiz został rozwiązany 35 razy
  • Średni wynik to 13 z 27
Statystyki odpowiedzi
Infinitiv Präteritum Partizip II tłumaczenie % Poprawnych
essen gegessen jeść
91%
beginnen begann begonnen zaczynać
85%
fahren fuhr gefaren jechać
79%
sein war gewessen(s) być
76%
gehen ging gegangen iść
76%
trinken trank getrunken pić
76%
fliegen flog geflogen(s) latać
73%
helfen half geholfen pomagać
73%
sitzen saß gesessen siedzieć
73%
schreiben shrieb geschrieben pisać
70%
stehen stand gestanden stać
70%
liegen lag gelegen leżeć
61%
bringen brachte gebracht przynosić
61%
geben gab gegeben dawać
55%
nehmen nahm genommen brać
48%
hängen hing gehangen wisieć
45%
denken dachte gedacht myśleć
36%
treffen traf getroffen spotykać
27%
lessen las gelesen czytać
24%
laufen lief gelaufen biec
21%
laden lud geladen ładować
21%
wachsen wuchs gewachsen rosnąć
15%
rufen rief gerufen wołać
15%
kennen kannte gehannt znać
15%
fangen fing gefangen łapać
6%
bleiben blieb gebliben(s) zostawiać
6%
waschen wusch gewaschen myć,prać
0%
Nie znaleziono quizów pasujących do podanych kryteriów
Rozkład punktacji
Procent ludzi z każdym wynikiem
Percentyl według liczby udzielonych odpowiedzi
Twoja historia wyników
Nie rozwiązałeś tego quizu